Statistics for Top 50 Albums from 1988

Click here to take the quiz!

General Stats

  • This quiz has been taken 4 times
  • The average score is 4 of 50

Answer Stats

ArtistAlbum% Correct
#1: Sonic YouthDaydream Nation
50%
#39: Pet Shop BoysIntrospective
50%
#14: HelloweenKeeper of the Seven Keys Part II
50%
#6: Iron MaidenSeventh Son of a Seventh Son
50%
#4: Metallica...And Justice for All
25%
#7: My Bloody ValentineIsn't Anything
25%
#5: Public EnemyIt Takes a Nation of Millions to Hold Us Back
25%
#2: Talk TalkSpirit of Eden
25%
#19: N.W.AStraight Outta Compton
25%
#3: PixiesSurfer Rosa
25%
#17: The Go-Betweens16 Lovers Lane
0%
#16: Krystian Zimerman4 Balladen; Barcarolle; Fantasie
0%
#31: Emerson String Quartet6 String Quartets
0%
#40: Orchestre et Chœur de la Radio-Télévision Polonaise de Cracovie / Jürg WyttenbachAion; Pfhat; Konx-Om-Pax
0%
#47: CardiacsA Little Man and a House and the Whole World Window
0%
#10: BathoryBlood Fire Death
0%
#44: KinoBlood Type
0%
#28: Cocteau TwinsBlue Bell Knoll
0%
#34: Dinosaur Jr.Bug
0%
#22: Ultramagnetic MC'sCritical Beatdown
0%
#20: VoivodDimension Hatröss
0%
#42: Vio-LenceEternal Nightmare
0%
#23: The WaterboysFisherman's Blues
0%
#21: Eric B. & RakimFollow the Leader
0%
#15: The PoguesIf I Should Fall from Grace with God
0%
#38: Leonard CohenI'm Your Man
0%
#12: DeathLeprosy
0%
#41: Lucinda WilliamsLucinda Williams
0%
#50: Jane's AddictionNothing's Shocking
0%
#11: QueensrÿcheOperation: Mindcrime
0%
#43: Nuno CanavarroPlux Quba
0%
#45: Running WildPort Royal
0%
#32: CoronerPunishment for Decadence
0%
#18: Luben Yordanoff / David Tétard / Claude Desurmont / Daniel BarenboimQuatuor pour la Fin du Temps
0%
#49: La Chapelle Royale / Ensemble Musique Oblique / Philippe HerrewegheRequiem
0%
#8: SlayerSouth of Heaven
0%
#36: KultSpokojnie
0%
#46: The ChurchStarfish
0%
#30: EPMDStrictly Business
0%
#13: Geinoh YamashirogumiSymphonic Suite AKIRA
0%
#9: Nick Cave and the Bad SeedsTender Prey
0%
#35: James HornerThe Land Before Time
0%
#33: King Diamond"Them"
0%
#25: TestamentThe New Order
0%
#27: Dead Can DanceThe Serpent's Egg
0%
#24: RiotThunderSteel
0%
#26: Galaxie 500Today
0%
#29: Crimson GloryTranscendence
0%
#48: RazorViolent Restitution
0%
#37: MorrisseyViva Hate
0%

Score Distribution

Percentile by Number Answered

Percent of People with Each Score

Your Score History

You have not taken this quiz